00610pam a2200193 a 4500003000400000005001700004008004100021020001500062040002400077082001700101100002600118245005300144260003800197300003100235504006600266650001800332650003600350653003000386INP20260622095735.0910329s1992 nyua frb 001 0 eng d a0070251940 aEG-INPcEG-INPbeng04a330221bd e1 a.Gujarati, Damodar N.10aEssentials of econometrics / cDamodar Gujarati. aNew York : bMcGraw-Hill, c1992. a466 p. : bill. ; c24 cm. aIncludes bibliographical references (p. 455-456) and indexes. 0aEconometrics. 0aEconomicsxStatistical methods. 0astatistical undependence.